契合与转化: (Record no. 18775)
[ view plain ]
| 000 -LEADER | |
|---|---|
| fixed length control field | 00649nam a2200193Ia 4500 |
| 008 - FIXED-LENGTH DATA ELEMENTS--GENERAL INFORMATION | |
| fixed length control field | 200826s9999||||xx |||||||||||||| ||und|| |
| 020 ## - INTERNATIONAL STANDARD BOOK NUMBER | |
| International Standard Book Number | 9578763530 |
| 020 ## - INTERNATIONAL STANDARD BOOK NUMBER | |
| International Standard Book Number | 9789578763531 |
| 041 ## - LANGUAGE CODE | |
| Language code of text/sound track or separate title | chi |
| 050 ## - LIBRARY OF CONGRESS CALL NUMBER | |
| Classification number | BR128.C4 |
| Item number | .C83 1998 |
| 100 ## - MAIN ENTRY--PERSONAL NAME | |
| Personal name | 庄祖鲲 |
| 245 #0 - TITLE STATEMENT | |
| Title | 契合与转化: |
| Remainder of title | 基督教与中国传统文化之关系 / |
| Statement of responsibility, etc. | 庄祖鲲著 |
| 246 ## - VARYING FORM OF TITLE | |
| Title proper/short title | 契合與轉化 : |
| Remainder of title | 基督教與中國傳統文化之關係 / |
| 260 ## - PUBLICATION, DISTRIBUTION, ETC. | |
| Place of publication, distribution, etc. | 西安市 : |
| Name of publisher, distributor, etc. | 陕西师范大学出版社, |
| Date of publication, distribution, etc. | 1998 |
| 300 ## - PHYSICAL DESCRIPTION | |
| Extent | 221 p. |
| Other physical details | ; |
| Dimensions | 21 cm. |
| 650 ## - SUBJECT ADDED ENTRY--TOPICAL TERM | |
| Topical term or geographic name entry element | China -- Civilization -- Christian influences. |
| 650 ## - SUBJECT ADDED ENTRY--TOPICAL TERM | |
| Topical term or geographic name entry element | Christianity and culture -- China. |
| Withdrawn status | Lost status | Damaged status | Not for loan | Home library | Current library | Shelving location | Date acquired | Total Checkouts | Total Renewals | Full call number | Barcode | Date last seen | Date last checked out | Price effective from | Koha item type | Copy number |
|---|---|---|---|---|---|---|---|---|---|---|---|---|---|---|---|---|
| GETS Theological Seminary Library | GETS Theological Seminary Library | General Stacks | 08/25/2020 | 2 | 2 | BR128.C4 .C83 1998 | 00006122 | 12/08/2022 | 11/07/2022 | 08/25/2020 | Chinese Book | |||||
| GETS Theological Seminary Library | GETS Theological Seminary Library | General Stacks | 08/26/2020 | BR128.C4 .C83 1998 | 00007025 | 08/26/2020 | 08/26/2020 | Chinese Book | c. 2 |